Ekonomika a riadenie MH a VD Praktikum

Gespeichert in:
Bibliographische Detailangaben
1. Verfasser: Šulajová, Irena
Körperschaft: Vysoká škola ekonomická v Bratislave. Fakulta ekonomiky služieb a cestovného ruchu v Banskej Bystrici
Format: Buch
Sprache:Slowakisch
Veröffentlicht: Bratislava VŠE 1989
Ausgabe:1. vyd.
Tags: Tag hinzufügen
Keine Tags, Fügen Sie das erste Tag hinzu!

MARC

LEADER 00000nam a2200000 4500
001 c025993
005 20221215070502.9
041 0 |a slo 
044 |a SK 
245 1 0 |a Ekonomika a riadenie MH a VD  |b Praktikum  |c Irena Šulajová a kol. 
250 |a 1. vyd. 
264 1 |a Bratislava  |b VŠE  |c 1989 
300 |a 255 s. 
100 1 |a Šulajová, Irena 
710 2 |a Vysoká škola ekonomická v Bratislave. Fakulta ekonomiky služieb a cestovného ruchu v Banskej Bystrici